Espacio prohibido /

Guardat en:
Dades bibliogràfiques
Autor principal: Béra, Paul (autor)
Format: Llibre
Idioma:espanyol
Publicat: Barcelona, España : Libroexpress, 1979, c1979
Col·lecció:(Anticipación ; 22)
Matèries:
Etiquetes: Afegir etiqueta
Sense etiquetes, Sigues el primer a etiquetar aquest registre!

MARC

LEADER 00000nam^a2200000^a^4500
001 000564057
005 20250521000000.0
009 20260310132018.664
037 |a Acervo ITESO - Biblioteca 
041 |a ESP 
082 |a 843.  |b BER 
100 |a Béra, Paul  |e (autor) 
245 1 0 |a Espacio prohibido /  |c P. Béra ; tr. por Esther González Blanco. 
264 4 |a Barcelona, España :  |b Libroexpress,  |c 1979, c1979 
300 |a 242 p. 
336 |a texto  |b txt  |2 rdacontenido 
337 |a sin mediación  |b n  |2 rdamedio 
338 |a volumen  |b nc  |2 rdasoporte 
440 1 |a (Anticipación ;  |v 22) 
500 |a Traducción de: Espace interdit 
649 |a XX 
650 |a Novela Francesa 
650 |a Literatura Francesa -  |y Siglo XX 
650 |a Literatura de Ciencia-Ficción -  |z Francia 
910 |a Fondo Salvador Reynoso Reynoso 
920 |a Impresos - Libros 
930 |a Fondos Especiales 
940 |a Literatura 
905 |a 112 
901 |a 0500400101  |b IT2  |c ESP  |i 06156  |u 20250521 
902 |a https://opac.biblio.iteso.mx/vufind/Record/000564057